000 00398nam a22001697a 4500
005 20180319120230.0
008 160512b xxu||||| |||| 00| 0 eng d
020 _a0-07-058539-3
041 _aeng
082 _b1637
_a336.54
100 _aKhan, M.Y
_94205
245 _aIndian Financial System.
260 _aNew Delhi
_bTMH
_c1996
300 _a18.75
650 _aManagement
_9241
942 _cBK
999 _c642
_d642